000 00698nam a2200289Ia 4500
005 20260324133933.0
008 008 260324s9999 xx 000 0 eng d
020 _a9781410602411
037 _aEBOOK
040 _aCRL
040 _beng
040 _cCRL
041 _2eng
041 _aeng
084 _qCRL
100 _aJeanne M. Brett; Fritz Drasgow
_91194949
245 4 _aThe Psychology of Work
245 0 _bTheoretically Based Empirical Research
260 _bTaylor and Francis
260 _c2002
365 _a
365 _b59.99
856 _uhttp://www.taylorfrancis.com/books/9781410602411
942 _cEBOOK
999 _c1794523
_d1794523